| 000 | 00413nab a2200145Ia 4500 | ||
|---|---|---|---|
| 003 | ES-SlBCS | ||
| 005 | 20210601131733.0 | ||
| 008 | 140529s1952 xxu||||| |||| 00| 0 fre d | ||
| 041 | _afre | ||
| 100 | 1 |
_aMartel, Pierre-Albin _9188289 |
|
| 245 | 0 | 0 |
_aÉlections Outre-Mer _c Pierre-Albin Martel |
| 650 | 0 | 4 |
_aElecciones _9129059 |
| 773 | 0 |
_tVie Intelectuelle (La) _gnº. 5, 1952, págs. 89-91 _wRev907 |
|
| 942 | _cAR | ||
| 999 |
_c567919 _d567919 |
||